000
00314nam a2200133Ia 4500
008
240624s9999 xx 000 0 und d
041
_a
eng
082
_a
823 GHO
100
_a
GHOSE SAGARIKA
245
_a
GIN DRINKERS
260
_c
2011
_a
New Delhi
_b
HarperCollins
300
_a
345 : p. : cm. ; 21
365
_c
RS
999
_c
22797
_d
22797